[Event "SRI-chB (Women)"]
[Site "Mount Lavinia"]
[Date "2022.03.16"]
[Round "2"]
[White "Sandanayake, Dehansa Nisanduni"]
[Black "Attanayake, Chanindi Mewna"]
[Result "1-0"]
[WhiteElo "1252"]
[BlackElo "1552"]
[PlyCount "83"]
[EventDate "2022.03.16"]
[EventType "swiss"]
[EventRounds "10"]
[EventCountry "SRI"]
[SourceTitle "EXT 2023"]
[Source "ChessBase"]
[SourceDate "2022.10.05"]
[SourceVersion "1"]
[SourceVersionDate "2022.10.05"]
[SourceQuality "1"]

1. e4 c5 2. Nf3 e6 3. d4 cxd4 4. Nxd4 a6 5. Bd3 Nf6 6. b3 Qc7 7. Bb2 d6 8. c4 Nbd7 9. Nc3 g6 10. 0-0 Bg7 11. Nde2 0-0 12. h3 Rd8 13. f4 Nc5 14. Rb1 Nxd3 15. Qxd3 Qc5+ 16. Kh1 Bd7 17. Ng3 Nh5 18. Nce2 Nxg3+ 19. Nxg3 b5 20. Bxg7 Kxg7 21. f5 f6 22. Rf3 exf5 23. exf5 Bc6 24. Rff1 Re8 25. Rbe1 Re5 26. fxg6 hxg6 27. Ne4 Bxe4 28. Rxe4 Rae8 29. Rfe1 bxc4 30. bxc4 Kf7 31. Qf3 f5 32. Rxe5 Rxe5 33. Qb7+ Kf6 34. Rc1 a5 35. Qb2 Ke6 36. Qb3 Re3 37. Qb5 Qa3 38. Qd5+ Kf6 39. Rd1 Re6 40. Qd4+ Kf7 41. Rb1 Qc5 42. Rb7+ 1-0

[Event "SRI-ch (Women)"]
[Site "Nugegoda"]
[Date "2021.12.30"]
[Round "12"]
[White "Vithanawasam, Oneli"]
[Black "Attanayake, Chanindi Mewna"]
[Result "1-0"]
[WhiteElo "1345"]
[BlackElo "1317"]
[PlyCount "99"]
[EventDate "2021.12.24"]
[EventType "tourn"]
[EventRounds "13"]
[EventCountry "SRI"]
[SourceTitle "CBM 205 Extra"]
[Source "ChessBase"]
[SourceDate "2022.01.31"]
[SourceVersion "1"]
[SourceVersionDate "2022.01.31"]
[SourceQuality "1"]

1. d4 d5 2. Bf4 Nf6 3. e3 e6 4. c3 c5 5. Nd2 Nc6 6. Ngf3 Bd6 7. Bg3 0-0 8. Bd3 b6 9. e4 dxe4 10. Nxe4 Be7 11. dxc5 bxc5 12. Nxf6+ Bxf6 13. Be4 Qb6 14. Qc2 h6 15. 0-0 Bb7 16. Nd2 Ba6 17. Rfe1 Rad8 18. Bf4 Ne7 19. Bh7+ Kh8 20. Be4 Nd5 21. Bg3 Rd7 22. Nf3 Rfd8 23. Rad1 Bc4 24. b3 Ba6 25. Ne5 Bxe5 26. Bxe5 f6 27. Bxd5 Rxd5 28. Bf4 e5 29. Be3 Qd6 30. Rxd5 Qxd5 31. c4 Qd6 32. f3 Bc8 33. Kf2 f5 34. Ke2 f4 35. Bf2 e4 36. fxe4 Bg4+ 37. Kf1 f3 38. Kg1 fxg2 39. e5 Qe7 40. Qg6 Bf3 41. e6 Rd2 42. Qf7 Qf6 43. Qxf6 gxf6 44. e7 Bh5 45. e8Q+ Bxe8 46. Rxe8+ Kg7 47. Kxg2 Rxa2 48. Rc8 Rb2 49. Rxc5 Rxb3 50. Rc7+ 1-0

[Event "SRI-ch (Women)"]
[Site "Nugegoda"]
[Date "2021.12.26"]
[Round "5"]
[White "Attanayake, Chanindi Mewna"]
[Black "Ramanayake, Nemindi Linaya"]
[Result "0-1"]
[WhiteElo "1317"]
[BlackElo "1328"]
[PlyCount "80"]
[EventDate "2021.12.24"]
[EventType "tourn"]
[EventRounds "13"]
[EventCountry "SRI"]
[SourceTitle "CBM 205 Extra"]
[Source "ChessBase"]
[SourceDate "2022.01.31"]
[SourceVersion "1"]
[SourceVersionDate "2022.01.31"]
[SourceQuality "1"]

1. e4 c6 2. d4 d5 3. exd5 cxd5 4. Bd3 Nc6 5. c3 Nf6 6. Bf4 Bg4 7. Qb3 e5 8. dxe5 Nh5 9. Be3 Nxe5 10. Bb5+ Nc6 11. Ne2 a6 12. Bxc6+ bxc6 13. Qa4 Bd7 14. 0-0 Bd6 15. Ng3 Nxg3 16. hxg3 0-0 17. Nd2 Re8 18. Qc2 Bxg3 19. Nf3 Bh4 20. Nxh4 Qxh4 21. Rfd1 Qe4 22. Qb3 Qg6 23. Kf1 Bf5 24. Rd4 Bd3+ 25. Ke1 Bc2 26. Qa3 Qxg2 27. Kd2 Rxe3 28. Kxc2 Qxf2+ 29. Kb3 Rb8+ 30. Rb4 Rxb4+ 31. Qxb4 Re8 32. Rh1 Qe2 33. Rh4 Qb5 34. Qxb5 axb5 35. a4 bxa4+ 36. Rxa4 h5 37. Ra6 h4 38. Rxc6 h3 39. Ra6 Re1 40. Ra4 h2 0-1

[Event "SRI-ch (Women)"]
[Site "Nugegoda"]
[Date "2021.12.24"]
[Round "2"]
[White "Tharushi, THD Niklesha"]
[Black "Attanayake, Chanindi Mewna"]
[Result "0-1"]
[WhiteElo "1711"]
[BlackElo "1317"]
[PlyCount "114"]
[EventDate "2021.12.24"]
[EventType "tourn"]
[EventRounds "13"]
[EventCountry "SRI"]
[SourceTitle "CBM 205 Extra"]
[Source "ChessBase"]
[SourceDate "2022.01.31"]
[SourceVersion "1"]
[SourceVersionDate "2022.01.31"]
[SourceQuality "1"]

1. Nf3 d5 2. g3 Nf6 3. d4 e6 4. Bg2 c5 5. 0-0 Nc6 6. c4 Bd6 7. cxd5 exd5 8. Nc3 h6 9. dxc5 Bxc5 10. a3 0-0 11. b4 Bb6 12. Bb2 Re8 13. Na4 Bc7 14. Bxf6 Qxf6 15. Qxd5 Rxe2 16. b5 Na5 17. Nd4 Rd2 18. Rad1 Rxd1 19. Rxd1 Bg4 20. Bf3 Rd8 21. Qxd8+ Bxd8 22. Bxg4 Be7 23. Rd3 Bxa3 24. Nc3 Bb2 25. Nd5 Qe5 26. Nf3 Qe8 27. Bd7 Qe2 28. Nf4 Qc2 29. h4 Nc4 30. Bf5 Qc1+ 31. Kg2 g6 32. Ne2 Qa1 33. Bc8 b6 34. h5 Ne5 35. Nxe5 Bxe5 36. hxg6 fxg6 37. Ba6 Qb2 38. Re3 Kf7 39. Rf3+ Kg7 40. Nf4 Qa2 41. Nd3 Bd6 42. Bb7 Qc4 43. Ba6 Qd5 44. Ne1 g5 45. Kg1 Qd1 46. Kf1 Bb4 47. Re3 h5 48. Bb7 Bxe1 49. Rxe1 Qd3+ 50. Kg2 Qxb5 51. Bf3 g4 52. Be4 a5 53. Kg1 a4 54. Rb1 Qc5 55. Bd3 a3 56. Rb5 Qxb5 57. Bxb5 a2 0-1

[Event "Eastern Asia-ch U14 Girls"]
[Site "Tornelo INT"]
[Date "2021.10.24"]
[Round "7"]
[White "Thai, Ngoc Tuong Minh"]
[Black "Attanayake, Chanindi Mewna"]
[Result "1-0"]
[WhiteElo "1382"]
[BlackElo "1218"]
[PlyCount "149"]
[EventDate "2021.10.22"]
[EventType "swiss"]
[EventRounds "9"]
[EventCountry "NET"]
[SourceTitle "EXT 2023"]
[Source "ChessBase"]
[SourceDate "2022.10.05"]
[SourceVersion "1"]
[SourceVersionDate "2022.10.05"]
[SourceQuality "1"]

1. Nf3 d5 2. g3 Nf6 3. Bg2 c5 4. d3 e6 5. 0-0 Nc6 6. Bg5 Be7 7. Nc3 0-0 8. e4 d4 9. Ne2 e5 10. Nd2 b5 11. a4 Ba6 12. h3 b4 13. f4 h6 14. Bxf6 Bxf6 15. g4 exf4 16. e5 Nxe5 17. Bxa8 Qxa8 18. Nxf4 Bb7 19. Qe2 Re8 20. Qf2 Qd8 21. Ng2 Bg5 22. Ne4 Be7 23. Rae1 f6 24. Nh4 c4 25. Nf5 cxd3 26. Qxd4 Qc7 27. Nxe7+ Rxe7 28. cxd3 Rd7 29. Qc5 Qd8 30. Qxb4 Nxd3 31. Qc4+ Kh8 32. Nc5 Nxe1 33. Nxd7 Nf3+ 34. Rxf3 Bxf3 35. Qd3 Bc6 36. Nc5 Qb6 37. Qc3 Qc7 38. Qe3 Qd6 39. Nd3 Qd5 40. Qg3 Qd4+ 41. Kh2 Bxa4 42. h4 Bb5 43. Qb8+ Kh7 44. Qxb5 Qxg4 45. Qd5 Qxh4+ 46. Kg2 Qg4+ 47. Kf2 Qh4+ 48. Ke2 Qh2+ 49. Ke3 Qg1+ 50. Kd2 Qh2+ 51. Kc3 Qc7+ 52. Kd2 Qh2+ 53. Kc3 Qc7+ 54. Kb3 Qb6+ 55. Ka2 Qa6+ 56. Kb1 Qa4 57. Qf5+ Kg8 58. Qe6+ Kh7 59. b3 Qd4 60. Kc2 Qh4 61. Qf5+ Kg8 62. Nf4 Qf2+ 63. Kc3 Qe3+ 64. Kb4 Qb6+ 65. Ka3 Qd6+ 66. b4 Qa6+ 67. Kb3 Qd6 68. Qc8+ Kf7 69. Qb7+ Kg8 70. Qc8+ Kf7 71. Qc4+ Ke7 72. Ng6+ Kd7 73. Qf7+ Kc6 74. Ne7+ Kb6 75. Nc8+ 1-0

[Event "SRI-chB (Women)"]
[Site "Maharaga"]
[Date "2020.03.07"]
[Round "3.2"]
[White "Ranasinghe, Sachini D"]
[Black "Attanayake, Chanindi Mewna"]
[Result "1-0"]
[WhiteElo "1768"]
[BlackElo "1441"]
[PlyCount "53"]
[EventDate "2020.03.06"]
[EventType "swiss"]
[EventRounds "11"]
[EventCountry "SRI"]
[SourceTitle "CBM 195 Extra"]
[Source "ChessBase"]
[SourceDate "2020.05.31"]
[SourceVersion "1"]
[SourceVersionDate "2020.05.31"]
[SourceQuality "1"]

1. Nf3 Nf6 2. g3 e6 3. Bg2 d5 4. 0-0 Bd6 5. c4 c6 6. b3 Nbd7 7. d4 0-0 8. Nbd2 b5 9. Bb2 Ba6 10. Qc2 Rc8 11. c5 Be7 12. b4 Rc7 13. Rfe1 Bc8 14. Bc1 Rb7 15. Nb3 Rb8 16. Na5 Ra8 17. Nxc6 Qe8 18. Bf4 Ne4 19. Nxe7+ Qxe7 20. Nd2 g5 21. Bxe4 gxf4 22. Bxh7+ Kg7 23. Bd3 fxg3 24. fxg3 a6 25. Nf3 Nf6 26. Ne5 Nh5 27. Qd2 1-0